000 00457cam a2200193ua 4500
001 93
008 110316n ii |||gr||||Z||||||eng
020 _a81-8333-163-7
040 _cMAIN
082 _a005
245 _aLet us C.
_cBy Yashvant Kanetkar.
250 _a8th.
260 _aNew Delhi.:
_bBPB.,
_c2007.
300 _axviii, 748 p.:
_bill.;8 cm.
653 _aComputer Science.
653 _aLet us C.
700 1 _aKanetkar, Yashvant.,
942 _cBK
999 _c84
_d84